Вымершие гиганты-пресмыкающиеся Севера России: (По данным раскопок проф. Амалицкого)
| 第一著者: | |
|---|---|
| 要約: | Напечатано гражданским шрифтом Перепечатано из протоколов Общества Естествоиспытателей и Врачей при Императорском Томском Университете за 1901-1903 гг. Сообщение в годичном собрании Томского Общества Естествоиспытателей и Врачей 31 марта 1902 г. |
| 言語: | ロシア語 |
| 出版事項: |
Томск, Типография Товарищества "А. Усачев и Г. Ливен", 1904
|
| 主題: | |
| フォーマット: | MixedMaterials 図書 |
| KOHA link: | https://koha.lib.tpu.ru/cgi-bin/koha/opac-detail.pl?biblionumber=582470 |
MARC
| LEADER | 00000nam0a2200000 4500 | ||
|---|---|---|---|
| 001 | 582470 | ||
| 005 | 20231102022110.0 | ||
| 035 | |a (RuTPU)RU\TPU\prd\282886 | ||
| 090 | |a 582470 | ||
| 100 | |a 20190204d1904 km y0rusy50 ca | ||
| 101 | 0 | |a rus | |
| 102 | |a RU | ||
| 105 | |a y z 000zy | ||
| 200 | 1 | |a Вымершие гиганты-пресмыкающиеся Севера России |e (По данным раскопок проф. Амалицкого) |f А. М. Зайцев | |
| 210 | |a Томск |c Типография Товарищества "А. Усачев и Г. Ливен" |d 1904 | ||
| 215 | |a 7 с. | ||
| 300 | |a Напечатано гражданским шрифтом | ||
| 300 | |a Перепечатано из протоколов Общества Естествоиспытателей и Врачей при Императорском Томском Университете за 1901-1903 гг. | ||
| 300 | |a Сообщение в годичном собрании Томского Общества Естествоиспытателей и Врачей 31 марта 1902 г. | ||
| 317 | |5 63413507: 26//3150 |a Поступила в НТБ в 1918 г. в составе книжного собрания профессора ТТИ Л. Л. Тове | ||
| 600 | 1 | |a Амалицкий |b В. П. |c русский геолог |c палеонтолог |f 1860-1917 |g Владимир Прохорович |2 stltpush |3 (RuTPU)RU\TPU\pers\23549 |9 10266 | |
| 606 | 1 | |a Полевая геология |2 stltpush |3 (RuTPU)RU\TPU\subj\50053 |9 68810 | |
| 610 | 1 | |a геологические исследования | |
| 610 | 1 | |a находки | |
| 610 | 1 | |a экспедиции | |
| 610 | 1 | |a геологические периоды | |
| 610 | 1 | |a эволюция | |
| 610 | 1 | |a рельефы | |
| 610 | 1 | |a перемещения | |
| 610 | 1 | |a результаты исследований | |
| 610 | 1 | |a доклады | |
| 610 | 1 | |a коллекция Л. Л. Тове | |
| 675 | |a 550.8.02 |v 3 | ||
| 700 | 1 | |a Зайцев |b А. М. |c российский геолог |c доктор минералогии и геогнозии |c профессор Томского государственного университета |f 1856-1921 |g Алексей Михайлович |2 stltpush |3 (RuTPU)RU\TPU\pers\13869 | |
| 801 | 1 | |a RU |b 63413507 |c 20190204 | |
| 942 | |c BK | ||
| 999 | |a НТБ_ТПУ |b РФ |e -11/20190109 |h Тове |p 26//3150 |u 0,00 |v 1 |x 15796 |y 13821000804145 | ||